Grecs, occidentaux et Turcs de 1054 a 1453 : quatre siecles d'histoire de relations internationales
Saved in:
| Main Author: | |
|---|---|
| Format: | Book |
| Language: | French |
| Published: |
Thessaloniki :
Institute for Balkan Studies,
1990.
|
| Series: | Ίδρυμα Μελετών Χερσονήσου του Αίμου (Εταιρεία Μακεδονικών Σπουδών)
; 239 |
| Subjects: | |
| Tags: |
Add Tag
No Tags, Be the first to tag this record!
|
MARC
| LEADER | 00000cam a2200000 i 4500 | ||
|---|---|---|---|
| 001 | 1/87906 | ||
| 008 | 970410s1990 gr | ||| |||| ||fre|| | ||
| 022 | |a 0073-862-X | ||
| 035 | |a 1993 |b 2 |c Δωρεά |l 10035362 | ||
| 040 | |a GR-MyUA |b gre |c GR-MyUA |e AACR2 | ||
| 041 | 0 | |a fre | |
| 082 | 7 | |a 327.495009 |2 (22) | |
| 100 | 1 | |a Σπυριδωνάκης, Βασίλειος Γ. | |
| 245 | 1 | 0 | |a Grecs, occidentaux et Turcs de 1054 a 1453 : |b quatre siecles d'histoire de relations internationales / |c Basile G. Spiridonakis. |
| 260 | |a Thessaloniki : |b Institute for Balkan Studies, |c 1990. | ||
| 300 | |a 291 σ. | ||
| 490 | 1 | |a (Hidryma Meleton Chersonesou tou Haimou ; |v 239) |x 0073-862-X | |
| 650 | 0 | |a Islam |x Relations |x Christianity. | |
| 650 | 0 | |a Crusades |x Influence. | |
| 651 | 0 | |a Byzantine Empire |x Foreign relations |y 1081-1453. | |
| 651 | 0 | |a Turkey |x History |y 1288-1453. | |
| 830 | 0 | |a Ίδρυμα Μελετών Χερσονήσου του Αίμου (Εταιρεία Μακεδονικών Σπουδών) |v ; 239 |x 0073-862-X | |
| 852 | |a INST |b RHODES |e 19970410 |h 327.495009 ΣΠΥ |p 005400000306 |q 005400000306 |t BK |y 0 | ||